|
|
|
|
| LEADER |
01517nam a2200337 a 4500 |
| 001 |
2904 |
| 003 |
BD-DhAAL |
| 005 |
20150921114301.0 |
| 008 |
150921s1995 enkab b 001 0 eng |
| 010 |
|
|
|a 94031709
|
| 020 |
|
|
|a 019564963x
|
| 020 |
|
|
|a 0198288832 (pbk. : acidfree paper)
|
| 040 |
|
|
|a DLC
|c DLC
|d DLC
|d BD-DhAAL
|
| 050 |
0 |
0 |
|a TX360.5
|b .P65 1995
|
| 082 |
0 |
0 |
|a 363.8/09172/4
|2 20
|
| 245 |
0 |
4 |
|a The political economy of hunger :
|b selected essays /
|c edited by Jean Drèze, Amartya Sen, and Athar Hussain.
|
| 260 |
|
|
|a Oxford :
|b Clarendon Press ;
|a New York :
|b Oxford University Press,
|c 1995.
|
| 300 |
|
|
|a xiv, 626 p. :
|b ill., maps ;
|c 24 cm.
|
| 490 |
1 |
|
|a WIDER studies in development economics
|
| 504 |
|
|
|a Includes bibliographical references and indexes.
|
| 541 |
|
|
|e 2904
|
| 650 |
0 |
0 |
|a Nutrition policy
|z Developing countries.
|9 14937
|
| 650 |
0 |
0 |
|a Food supply
|z Developing countries.
|9 12463
|
| 700 |
1 |
|
|a Drèze, Jean.
|9 14938
|
| 700 |
1 |
|
|a Sen, Amartya,
|d 1933-
|9 14939
|
| 700 |
1 |
|
|a Hussain, Athar.
|9 14940
|
| 830 |
|
0 |
|a Studies in development economics.
|9 14876
|
| 942 |
|
|
|2 ddc
|c BK
|
| 999 |
|
|
|c 35634
|d 35634
|
| 952 |
|
|
|0 0
|1 0
|2 ddc
|4 0
|6 363_800000000000000_09172_4_POL
|7 0
|9 56034
|a SCL
|b SCL
|c GEN
|d 2015-09-21
|l 0
|o 363.8091724 POL
|p 3020002904
|r 2015-09-21
|t 1
|w 2015-09-21
|y BK
|
| 952 |
|
|
|0 0
|1 0
|2 ddc
|4 0
|6 363_800000000000000_09172_4_POL
|7 0
|9 56035
|a SCL
|b SCL
|c GEN
|d 2015-09-21
|g 584.00
|l 0
|o 363.8091724 POL
|p 3020002280
|r 2015-09-21
|t 2
|w 2015-09-21
|y BK
|x 'The mentioned price is BDT conversion, actual price was RS495'
|